000
00308nam a2200133Ia 4500
008
140626s9999 xx 000 0 und d
100
_a
Owens, Donna
245
_a
Back to Work /
_c
Donna Owens.
260
_c
c2012.
300
_a
57 : 11, page 49
440
_a
HR Magazine
521
_a
BSBA
942
_c
SE
999
_c
121498
_d
121498